| 000 | 00927cad a22002055a 4500 | ||
|---|---|---|---|
| 001 | E154439 | ||
| 008 | 111205e20111130xxk f 000 0 eng d | ||
| 035 | _a(Sirsi) u154439 | ||
| 041 | 0 | _aeng | |
| 110 | 2 |
_aEstate Agent Today _95997 |
|
| 245 | 0 | 0 |
_aSolicitors launch new national property portal for Scotland _h[electronic resource] |
| 260 | _c2011 | ||
| 490 | 0 |
_aEstate Agent Today News _v30 November 2011 |
|
| 520 | _aSolicitors Property Centres have launched a national property website for Scotland, containing details of properties for sale: http://www.sspc.co.uk/. | ||
| 590 | _aKA NTK | ||
| 651 | 4 |
_aScotland _y1999- |
|
| 690 | _aPROPERTY-RESIDENTIAL PROPERTY-ACQUISITION AND DISPOSAL OF RESIDENTIAL PROPERTY | ||
| 856 | 4 | 0 |
_uhttps://www.estateagenttoday.co.uk/news_features/Solicitors-launch-new-national-property-portal-for-Scotland _zView the news article free of charge at www.estateagenttoday.co.uk |
| 942 | _n0 | ||
| 999 |
_c83618 _d83618 |
||